| 000 | 01356cam a2200361 i 4500 | ||
|---|---|---|---|
| 001 | 75543 | ||
| 003 | BD-RjUL | ||
| 005 | 20211209082716.0 | ||
| 008 | 190423s2018 enk b 001 0 eng d | ||
| 020 | _a9780749481209 (pbk.) | ||
| 035 | _a(BD-RjUL)75761 | ||
| 040 |
_aDLC _beng _cDLC _erda _dDLC _dBD-RjUL |
||
| 041 | _aeng | ||
| 042 | _apcc | ||
| 082 | 0 | 0 |
_a658.3125 _223 _bARA 2018 |
| 100 | 1 |
_aArmstrong, Michael, _d1928- _eauthor. _9231068 |
|
| 245 | 1 | 0 |
_aArmstrong's handbook of performance management : _ban evidence-based guide to delivering high performance / _cMichael Armstrong. |
| 246 | 3 | 0 | _aHandbook of performance management |
| 250 | _aSixth edition. | ||
| 264 | 1 |
_aLondon ; _aNew York : _bKogan Page, _c2018. |
|
| 300 |
_aix, 257 pages ; _c24 cm |
||
| 336 |
_atext _btxt _2rdacontent |
||
| 337 |
_aunmediated _bn _2rdamedia |
||
| 338 |
_avolume _bnc _2rdacarrier |
||
| 504 | _aIncludes bibliographical references and index. | ||
| 650 | 0 |
_aEmployees _xRating of. _9231069 |
|
| 650 | 0 |
_aPerformance standards. _9231070 |
|
| 650 | 0 |
_aPerformance. _9231071 |
|
| 776 | 0 | 8 |
_iOnline version: _aArmstrong, Michael, 1928- author. _tArmstrong's handbook of performance management _bSixth edition. _dLondon ; New York : Kogan Page, 2017 _z9780749481216 _w(DLC) 2017038109 |
| 942 |
_2ddc _cBK |
||
| 999 |
_c75543 _d75543 |
||